| 000 | 00776nam a2200205 a 4500 | ||
|---|---|---|---|
| 008 | 080311s1996 ||||||||||||||||| || u | ||
| 050 | _aIBRD(08)DP | ||
| 100 | _aGonzales, Exequiel | ||
| 245 | 1 | 0 | _aManaging transboundary stocks of small pelagic fish: problems and options |
| 260 |
_aWashington, D. C. _bWorld Bank _c1996 |
||
| 300 | _axiii, 40p. :ill. | ||
| 350 | _a0.00 | ||
| 490 | _aWorld Bank Discussion Papers | ||
| 650 | _aFISHERY MANAGEMENT--CHILE | ||
| 650 | _aFISHERY MANAGEMENT--PERU | ||
| 650 | 0 | _aFISHERY MANAGEMENT--PERU--MATHEMATICAL MODELS | |
| 700 | _aAguero, Max | ||
| 710 | _aWorld Bank | ||
| 995 |
_D0.00 _FCBU-MAIN LIBRARY (Kitwe) _H1 _I0.00 _M1 _UAVAILABLE _WMar 11, 2008 _ZInternational Publications |
||
| 999 |
_c50247 _d50247 |
||